| 000 | 00726nam a22002175i 4500 | ||
|---|---|---|---|
| 001 | 13164 | ||
| 003 | ES-MaACL | ||
| 005 | 20240417111736.0 | ||
| 007 | t| | ||
| 008 | 930716s1993 sp ||||0| spa j | ||
| 040 |
_aM-BN _bspa _cM-BN |
||
| 080 | _a860-14"19" | ||
| 100 | 1 |
_aPérez Torres, Carlos. _991177 |
|
| 245 | 1 | 0 |
_aRuegos y preguntas / _cCarlos Pérez Torres ; prólogo, Manuel Alcántara ; edición, Angel Caffarena. |
| 260 |
_aMálaga : _bLibrería Anticuaria El Guadalorce, _c1993. |
||
| 300 |
_a38 p. ; _c21 cm. |
||
| 700 | 1 |
_aCaffarena, Ángel, _d1914-1998 _933414 |
|
| 700 | 1 |
_aAlcántara, Manuel. _919497 |
|
| 852 |
_aES-MaACL _j2150-F-21 _bR.123844 _q. - Ded. autógr. del autor |
||
| 999 |
_c13164 _d13164 |
||